| 000 | 00998nam a2200301 a 4500 | ||
|---|---|---|---|
| 001 | 67047 | ||
| 003 | BD-RjUL | ||
| 005 | 20211209081617.0 | ||
| 008 | 051114s2006 enk b 001 0 eng | ||
| 020 | _a1403945667 (pbk.) | ||
| 020 | _a9781403945662 (pbk.) | ||
| 035 | _a(BD-RjUL)67178 | ||
| 040 |
_aDLC _cDLC _dUKM _dBWKUK _dBAKER _dYDXCP _dOCLCQ _dDLC _dBD-RjUL _beng |
||
| 041 | _aeng | ||
| 082 | 0 | 0 |
_223 _a158.024361 _bNIA 2006 |
| 100 | 1 |
_aNicolson, Paula. _9198582 |
|
| 245 | 1 | 0 |
_aApplied psychology for social workers / _cPaula Nicolson, Rowan Bayne and Jenny Owen. |
| 250 | _a3rd ed. | ||
| 260 |
_aBasingstoke [England] ; _aNew York : _bPalgrave Macmillan, _c2006. |
||
| 300 |
_aix, 198 p. ; _c22 cm. |
||
| 490 | 1 | _aPractical social work series | |
| 504 | _aIncludes bibliographical references and index. | ||
| 650 | 0 |
_aPsychology, Applied. _9198583 |
|
| 700 | 1 |
_aBayne, Rowan. _9198584 |
|
| 700 | 1 |
_aOwen, Jenny. _9198585 |
|
| 830 | 0 |
_aPractical social work. _9147023 |
|
| 942 |
_2ddc _cBK |
||
| 999 |
_c67047 _d67047 |
||